Corporate social performance : a stakeholder approach /

Bibliographic Details
Main Author: Cooper, Stuart, 1970-
Format: Book
Language:English
Published: Aldershot, Hants, England ; Burlington, VT : Ashgate, [2004]
Series:Corporate social responsibility series.
Subjects:

MARC

Tag First Indicator Second Indicator Subfields
LEADER 00000pam a22000004a 4500
001 in00002004348
005 20151031130636.0
008 040430s2004 enka b 001 0 eng
010 |a  2004010330 
020 |a 0754641740 (alk. paper) 
035 |a (OCoLC)ocm55085757 
040 |a DLC  |c DLC  |d YDX  |d UtOrBLW 
042 |a pcc 
049 |a TXAM 
050 0 0 |a HD60  |b .C635 2004 
082 0 0 |a 658.4/08  |2 22 
100 1 |a Cooper, Stuart,  |d 1970- 
245 1 0 |a Corporate social performance :  |b a stakeholder approach /  |c Stuart Cooper. 
264 1 |a Aldershot, Hants, England ;  |a Burlington, VT :  |b Ashgate,  |c [2004] 
264 4 |c ©2004 
300 |a viii, 212 pages :  |b illustrations ;  |c 25 cm. 
336 |a text  |b txt  |2 rdacontent 
337 |a unmediated  |b n  |2 rdamedia 
338 |a volume  |b nc  |2 rdacarrier 
490 1 |a Corporate social responsibility series 
504 |a Includes bibliographical references (pages [198]-210) and index. 
505 0 |a Corporate social performance and accountability -- Business in society : ethics and stakeholders -- Social accounting and stakeholder identification -- Stakeholder performance measurement in theory -- Value added analysis -- Stakeholder performance measurement in practice -- Shareholder analysis -- Stakeholder analysis -- Theorizing the results -- Recent developments and the future of social accounting. 
650 0 |a Social responsibility of business. 
830 0 |a Corporate social responsibility series. 
994 |a C0  |b TXA 
948 |a cataloged  |b h  |c 2005/3/15  |d c  |e bwalker  |f 1:30:35 pm 
999 |a MARS 
999 f f |s ab2bc9cd-d24c-3b62-a613-e0837a168730  |i aca942c1-84e4-3a67-8e37-142831fb835a  |t 0 
952 f f |p ric  |a Texas A&M University  |b Rellis Campus  |c Joint Library Facility  |d Remote Storage  |t 0  |e HD60 .C635 2004  |h Library of Congress classification  |i unmediated -- volume  |m A14832287740 
998 f f |a HD60 .C635 2004  |t 0  |l Remote Storage